00746nam a2200193 i 4500001000700000003000900007005001700016008004100033100004100074245008100115246004800196260005200244300002200296490004600318650002400364752002400388830004300412852009700455164888ES-MaACL20250804012828.0950206s1881 sp |||| | spa d1 aSchelling, Friedrich Wilhelm Joseph.10aBruno o Del principio divino y natural de las cosas / cF.W.J. de Schelling.3 aDel principio divino y natural de las cosas aMadrid : b[s.n.], c1881 (fImp. de R. Angulo) a203 p. ; c15 cm.1 aBiblioteca económica filosófica ; v4 7aMetafísica2embne aEspaña - dMadrid10aBiblioteca económica filosóficav4 aES-MaACLjL-4894(1-1) z- Enc. hol., conservando cub. originalz- Enc. en un vol. facticio